| 000 | 00647nam a2200205 a 4500 | ||
|---|---|---|---|
| 001 | 12304 | ||
| 003 | CO-ViMGA | ||
| 008 | 141112s2004 ck r 000 u spa d | ||
| 040 |
_aCO-ViMGA _bspa _cCO-ViMGA |
||
| 082 | 0 | 4 | _a150.192 P44 |
| 100 | 1 |
_aRuitenbeek, Hendrik M. _917548 |
|
| 245 | 1 | 0 | _aPsicoanálisis y filosofía Existencial |
| 260 |
_aMadrid : _bGredos, _c1972 |
||
| 300 | _a294p. | ||
| 590 | _aForma de adquisición : DONACION - - Proveedor : DR RAFAEL SALAMANCA - - Fecha de adquisición : 31 - 01 - 2001 | ||
| 650 | 1 | 4 | _aEXISTENCIALISMO |
| 650 | 1 | 4 |
_aPSICOANALISI _917549 |
| 650 | 1 | 4 |
_aPSICOLOGIA EXISTENCIAL _917550 |
| 942 |
_2ddc _cBK |
||
| 999 |
_c23316 _d23316 |
||